| 000 | 00479nam a2200157Ia 4500 | ||
|---|---|---|---|
| 003 | GCL | ||
| 005 | 20240530102353.0 | ||
| 008 | 140319s9999 xx 000 0 ara d | ||
| 040 |
_aGCL / _cGCL |
||
| 082 | 0 | 4 |
_a400.9 _bم م |
| 100 | 0 | _4محمود فهمى حجازى | |
| 245 | 1 | 0 |
_aمدخل الى علم اللغة / _cمحمود فهمى حجازى |
| 260 |
_a[ القاهرة ] : _bدار الثقافة للنشر والتوزيع |
||
| 300 | _a191 ص | ||
| 942 |
_2ddc _cBK |
||
| 999 |
_c31775 _d31775 |
||